000 00682nam a2200253 a 4500
008
020 _a0340270624 (pbk.)
049 _aMAIN
090 _aQC20.6
100 1 _aDaish, C. B.
245 1 4 _aThe physics of ball games /
_cC. B. Daish.
250 _aLimp ed.
260 _aLondon :
_bHodder and Stoughton,
_c1981.
300 _a180 p. :
_bill. ;
_c22 cm.
504 _aIncludes bibliographical references.
500 _aIncludes index.
650 0 _aBall games.
650 0 _aPhysics.
907 _a.b10012394
_b21-02-04
_c17-04-03
003
005 20230123133126.0
040 _cNUST
942 _cBOOKS
_kQC20.6
999 _c143172
_d143172